000 00990nam a2200265Ia 4500
003 OSt
005 20221005103706.0
006 a|||||r|||| 00| 0
007 ta
008 221004b |||||||| |||| 00| 0 hin d
020 _a8187322691 (hbk)
_c1200
024 _a8714
037 _b240, 17/12/2013, Eastern Book Linkers
_cTextual
040 _aCRL
_cCRL
_bhin
041 _2hin
_ahin
082 _aY:1.277, 152Q3
100 _aशील, शेखर ज्योति, अनु.
_9165437
245 0 _aआउनीआटी सत्र का इतिहास
246 _aĀunīāṭī satra kā itihāsa
260 _aदिल्ली
_bअमर ग्रन्थ भारत
_c2013
300 _a456पृ0
_ccm.
650 _aभारतीय-लोक साहित्य
942 _hY:1.277, 152Q3
_cTEXL
_2cc
999 _c1010643
_d1010643